00739 a2200205 4500999001900000005001700019010001500036020003100051035001400082037001300096082001000109100001700119245009900136260003000235270006900265300002600334700002400360942002900384952012000413 c183493d18349320211227123515.0 aENG-130674 a978-93-89850-22-2c1095.00 aEN-114206 bDBAD/PUB a954.2 aHabib, Irfan aBraj Bhum in Mughal Times:cIrfan Habib, Tarapada MukherjeebThe State, Peasants and Gosa'ins/ aDelhibPrimus Booksc2019 aVirat Bhawan, Mukherjee Nagar, Commercial ComplexbDelhie110009 axi, 286p.c24cm (hbk) aMukherjee, Tarapada adplcEN2ddch954.2mHAB 001040708NFICaMbMd2021-12-27eDBAD/PUBg1095.00l0o954.2 HABpEN-114206r2021-12-27 00:00:00t1v1095.00yEN